Jerome's Hebrew philology : a study based on his commentary on Jeremiah /

St Jerome (ca. 347-419), translator and prolific commentator on the Old Testament, left a lasting and controversial mark on the history of biblical scholarship through his radical return to the hebraica veritas , the 'Hebrew truth.' Yet, the extent of Jerome's Hebrew knowledge has bee...

وصف كامل

محفوظ في:

المؤلف الرئيسي: Graves, Michael, 1973-

التنسيق: كتاب الكتروني

اللغة: English

منشور في: Leiden ; Boston : Brill, 2007.

سلاسل: Vigiliae Christianae, Supplements 90.
Vigiliae Christianae Supplements Online, ISBN: 9789004308961.

الموضوعات:

الوصول للمادة أونلاين: Login to view Source

الوسوم: إضافة وسم

لا توجد وسوم, كن أول من يضع وسما على هذه التسجيلة!

رقم الطلب: BR65.J476 G73 2007eb

LEADER 03371cam a2200529Ii 4500
001 BRILL9789047421818
003 nllekb
005 20210602102203.0
006 m d
007 cr un uuuua
008 070731s2007 ne sb 001 0deng d
020 |a 9789047421818  |q (electronic book) 
020 |z 9789004162044  |q (print) 
024 7 |a 10.1163/ej.9789004162044.i-228  |2 DOI 
035 |a (OCoLC)646788968  |z (OCoLC)310421516  |z (OCoLC)706510657  |z (OCoLC)781253254 
040 |a NL-LeKB  |c NL-LeKB  |e rda 
050 4 |a BR65.J476  |b G73 2007eb 
072 7 |a BIB  |x 000000  |2 bisacsh 
072 7 |a REL  |x 006160  |2 bisacsh 
072 7 |a REL  |x 006680  |2 bisacsh 
072 7 |a HRCC1  |2 bicssc 
072 7 |a REL015000  |2 bisacsh 
082 0 4 |a 220.092  |2 22 
100 1 |a Graves, Michael,  |d 1973- 
245 1 0 |a Jerome's Hebrew philology :  |b a study based on his commentary on Jeremiah /  |c by Michael Graves. 
264 1 |a Leiden ;  |a Boston :  |b Brill,  |c 2007. 
300 |a 1 online resource (xii, 228 pages) 
336 |a text  |b txt  |2 rdacontent 
337 |a computer  |b c  |2 rdamedia 
338 |a online resource  |2 rdacarrier 
490 1 |a Supplements to Vigiliae Christianae,  |x 0920-623X ;  |v v. 90 
500 |a Slightly Revision of the author's thesis (doctoral)--Hebrew Union College. 
504 |a Includes bibliographical references and indexes. 
505 0 0 |t Preliminary Material /  |r M. Graves --   |t Chapter One. Introduction /  |r M. Graves --   |t Chapter Two. Reading Hebrew As A 'Grammarian' /  |r M. Graves --   |t Chapter Three. The Sources For Jerome'S Hebrew Scholarship /  |r M. Graves --   |t Chapter Four. Jerome As Expositor Of The Hebrew Text Of Jeremiah /  |r M. Graves --   |t Chapter Five. Summary And Conclusion /  |r M. Graves --   |t Bibliography /  |r M. Graves --   |t Index Of Ancient Sources /  |r M. Graves --   |t General Index /  |r M. Graves. 
506 |a Available to subscribing member institutions only. 
520 |a St Jerome (ca. 347-419), translator and prolific commentator on the Old Testament, left a lasting and controversial mark on the history of biblical scholarship through his radical return to the hebraica veritas , the 'Hebrew truth.' Yet, the extent of Jerome's Hebrew knowledge has been debated, and the actual role of Hebrew in Jerome's biblical exegesis has been little explored. This book shows how Jerome's Hebrew philology developed out of his training in classical literary studies, describes the nature of Jerome's command of Hebrew in light of his historical context and his use of Jewish sources, and explains how Jerome used Hebrew scholarship in his biblical interpretation. Jerome emerges as a competent Hebraist, limited by his context, yet producing work of enduring significance. 
600 0 0 |a Jerome,  |c Saint,  |d -419 or 420. 
630 0 0 |a Bible.  |p Jeremiah  |x Criticism, interpretation, etc. 
630 0 0 |a Bible.  |p Jeremiah  |x Language, style. 
650 0 |a Hebrew philology. 
776 0 8 |i Print version:  |a Graves, Michael, 1973-  |t Jerome's Hebrew philology.  |d Leiden ; Boston : Brill, 2007  |w (DLC) 2007031600 
830 0 |a Vigiliae Christianae, Supplements  |v 90. 
830 0 |a Vigiliae Christianae Supplements Online, ISBN: 9789004308961. 
856 4 |z DOI:   |u http://dx.doi.org/10.1163/ej.9789004162044.i-228 
942 |c EBOOK 
952 |0 0  |1 0  |4 0  |7 1  |9 15003  |a BRILL  |b BRILL  |d 2021-06-02  |l 0  |r 2021-06-02 00:00:00  |w 2021-06-02  |y EBOOK 
999 |c 36452  |d 36452